| 000 -LEADER |
| fixed length control field |
01375cam a2200349 a 4500 |
| 001 - CONTROL NUMBER |
| control field |
12377081 |
| 005 - DATE AND TIME OF LATEST TRANSACTION |
| control field |
20170105102933.0 |
| 008 - FIXED-LENGTH DATA ELEMENTS--GENERAL INFORMATION |
| fixed length control field |
001215s2000 ii b 100 0 eng |
| 010 ## - LIBRARY OF CONGRESS CONTROL NUMBER |
| LC control number |
00411150 |
| 020 ## - INTERNATIONAL STANDARD BOOK NUMBER |
| International Standard Book Number |
8187588039 |
| 025 ## - OVERSEAS ACQUISITION NUMBER |
| Overseas acquisition number |
I-E-00-411150; 63-01 |
| 035 ## - SYSTEM CONTROL NUMBER |
| System control number |
(DLC) 00411150 |
| 037 ## - SOURCE OF ACQUISITION |
| Source of stock number/acquisition |
Library of Congress -- New Delhi Field Office |
| Terms of availability |
Rs545.00 ($21.00 U.S.) |
| 040 ## - CATALOGING SOURCE |
| Original cataloging agency |
DLC |
| Transcribing agency |
DLC |
| Modifying agency |
DLC |
| 042 ## - AUTHENTICATION CODE |
| Authentication code |
lcode |
| 043 ## - GEOGRAPHIC AREA CODE |
| Geographic area code |
a-ii--- |
| 050 00 - LIBRARY OF CONGRESS CALL NUMBER |
| Classification number |
JZ5534 |
| Item number |
.I5857 2000 |
| 082 00 - DEWEY DECIMAL CLASSIFICATION NUMBER |
| Classification number |
303.66 |
| Edition number |
21 |
| Author Mark |
PEA 2000 |
| 110 2# - MAIN ENTRY--CORPORATE NAME |
| Corporate name or jurisdiction name as entry element |
International Peace Research Association. |
| Subordinate unit |
General Conference |
| Number of part/section/meeting |
(17th : |
| Date of meeting or treaty signing |
1998 : |
| Location of meeting |
Durban, South Africa) |
| 245 10 - TITLE STATEMENT |
| Title |
Peace studies from a global perspective : |
| Remainder of title |
human needs in a cooperative world / |
| Statement of responsibility, etc. |
editor, Úrsula Oswald Spring. |
| 250 ## - EDITION STATEMENT |
| Edition statement |
1st ed. |
| 260 ## - PUBLICATION, DISTRIBUTION, ETC. |
| Place of publication, distribution, etc. |
New Delhi : |
| Name of publisher, distributor, etc. |
Maadhyam Book Services, |
| Date of publication, distribution, etc. |
2000. |
| 300 ## - PHYSICAL DESCRIPTION |
| Extent |
xxvii, 460 p. ; |
| Dimensions |
23 cm. |
| 500 ## - GENERAL NOTE |
| General note |
"Papers presented at the Seventeenth General Conference of the International Peace Research Association (IPRA), Durban, South-Africa, June 1998." |
| 504 ## - BIBLIOGRAPHY, ETC. NOTE |
| Bibliography, etc. note |
Includes bibliographical references. |
| 650 #0 - SUBJECT ADDED ENTRY--TOPICAL TERM |
| Topical term or geographic name entry element |
Peace |
| General subdivision |
Research |
| Form subdivision |
Congresses. |
| 650 #0 - SUBJECT ADDED ENTRY--TOPICAL TERM |
| Topical term or geographic name entry element |
Peace |
| General subdivision |
Study and teaching |
| Form subdivision |
Congresses. |
| 700 1# - ADDED ENTRY--PERSONAL NAME |
| Personal name |
Oswald, Ursula, |
| Dates associated with a name |
1946- |
| 906 ## - LOCAL DATA ELEMENT F, LDF (RLIN) |
| a |
7 |
| b |
cbc |
| c |
origode |
| d |
3 |
| e |
ncip |
| f |
20 |
| g |
y-gencatlg |
| 942 ## - ADDED ENTRY ELEMENTS (KOHA) |
| Source of classification or shelving scheme |
|
| Koha item type |
Book |